MARC

LEADER 00000nam0a2200000 4500
001 281232
005 20231101235401.0
035 |a (RuTPU)RU\TPU\book\304909 
090 |a 281232 
100 |a 20150120d1985 k y0rusy50 ca 
101 0 |a rus 
102 |a RU 
105 |a a z 001zy 
200 1 |a Информационные и робототехнические системы  |e тематический сборник научных трудов  |f Челябинский политехнический институт (ЧелПИ) ; под ред. Г. С. Черноруцкого 
210 |a Челябинск  |c Изд-во ЧелПИ  |d 1985 
215 |a 132 с.  |c ил. 
320 |a Библиография в конце статей 
606 |a Информационные системы  |x Проектирование  |2 stltpush  |3 (RuTPU)RU\TPU\subj\12945  |9 39643 
606 |a Робототехнические системы  |x Проектирование  |2 stltpush  |3 (RuTPU)RU\TPU\subj\25273  |9 49474 
610 1 |a автоматизация 
610 1 |a комбинаторные алгоритмы 
610 1 |a многопроцессорные системы 
610 1 |a работа 
610 1 |a интерфейсные устройства 
610 1 |a программные комплексы 
610 1 |a сети Петри 
610 1 |a круговые функции 
610 1 |a банки данных 
610 1 |a данные 
610 1 |a алгоритмы управления 
610 1 |a следящий привод 
610 1 |a микропроцессорные системы 
610 1 |a динамические свойства 
610 1 |a преобразовательная техника 
610 1 |a фотоэлектрические энергетические установки 
610 1 |a преобразования Тейлора-Дирихле 
675 |a 621.391.001  |v 3 
675 |a 621.865.8.001  |v 3 
702 1 |a Черноруцкий  |b Г. С.  |4 340 
712 0 2 |a Челябинский политехнический институт (ЧелПИ)  |c (1951-1990)  |2 stltpush  |3 (RuTPU)RU\TPU\col\7924 
801 1 |a RU  |b 63413507  |c 20150120 
801 2 |a RU  |b 63413507  |c 20170406  |g RCR 
942 |c BK